LEADER 01546nam 2200349Ia 450 001 996395347403316 005 20210104171616.0 035 $a(CKB)3810000000016441 035 $a(EEBO)2240876803 035 $a(OCoLC)ocn489264809e 035 $a(OCoLC)489264809 035 $a(EXLCZ)993810000000016441 100 $a20091216d1651 uy 0 101 0 $aeng 135 $aurbn||||a|bb| 200 10$aForasmuch, as I am credibly informed$b[electronic resource] $ethat notwithstanding the laws and ordinances of vvar, proclamations, and all other lawfull means used to the contrary, the private souldiers, both of horse and food, continue still to run from their colours into England ... /$fGiven under my hand at Edinburgh the 27. january 1650/51. J. Lambert 210 $aEdinburgh $cPrinted by Evan Tyler$din the year 1651 215 $a1 sheet ([1] p.) 300 $aTitle taken from first lines of text. 300 $a"To the Major of Colonell [---] Regiment or Officer in his absence executing his place." 300 $aThis is a blank form. 300 $aReproduction of original in: Beinecke Rare Book and Manuscript Library. 330 $aeebo-0009 607 $aGreat Britain$xHistory$yCommonwealth and Protectorate, 1649-1660$vEarly works to 1800 608 $aBroadsides$zScotland$y17th century.$2rbgenr 700 $aLambert$b John$f1619-1683.$01005103 801 0$bUMI 801 1$bUMI 906 $aBOOK 912 $a996395347403316 996 $aForasmuch, as I am credibly informed$92388655 997 $aUNISA